=LDR 00000nam 2200000 4500 =001 INLIS000000000055651 =005 20200623073831 =035 ##$$a 0010-0620000091 =007 ta =008 200623###########################0#ind## =020 ##$$a 978-979-341-134-7 =082 ##$$a 340 =084 ##$$a 340 Bur p =245 1#$$a Prosedur hukum pengurusan bea & cukai /$c Burhanuddin S., SHi, M.Hum =250 ##$$a Cet 1 =300 ##$$a 216 halaman ; $c 18 Cm. =650 #4$$a Hukum =504 ##$$a Bibliografi : halaman 213 - 215 =710 #$$a Tim Pustaka Yustisia =264 ##$$a Yogyakarta :$b Pustaka Yustisia,$c 2013 =336 ##$$a teks$2 rdacontent =337 ##$$a lain-lain$2 rdamedia =338 ##$$a lain-lain$2 rdacarrier =990 ##$$a 03390339